00647nam a22001577a 4500003000400000082001900004100001700023245019000040260004500230300000800275650003400283653003400317942001200351952010900363999001700472SGT a617.6342bS22A aArya, Ashtha aStress distribution & clinical performance of endodontically treated mandibular molars restored with direct composite resinbAn In vitro FEA study with prospective clinical correlation  aGurugram, HaryanabSGT University c2023 a136 aCons. Dentistry & Endodontics aCons. Dentistry & Endodontics 2ddccTH 00102ddc4071aFDbFDd2024-01-23iSGTUl0o617.6342 S22ApDT1780r2024-01-23 00:00:00w2024-01-23yTH c25630d25630